Word Scramble - Brazilian States - Statistics

General Stats
  • This quiz has been taken 9 times
  • The average score is 17 of 20
Answer Stats
Hint Answer % Correct
race Acre
100%
hiaba Bahia
100%
oamt ssoogr Mato Grosso
100%
atmo sorgos od uls Mato Grosso do Sul
100%
aaíabpr Paraíba
100%
ori ed ijnaeor Rio de Janeiro
100%
ori naredg od tenor Rio Grande do Norte
100%
gaalaso Alagoas
80%
zaaasmno Amazonas
80%
ácrea Ceará
80%
amnis isrgae Minas Gerais
80%
rápa Pará
80%
nrpáaa Paraná
80%
mpreancobu Pernambuco
80%
oôdnainr Rondônia
80%
tsana tiacrana Santa Catarina
80%
ttcoansin Tocantins
80%
pesíiotr ostna Espírito Santo
60%
ãmrnohaa Maranhão
60%
irroaam Roraima
60%
No matching quizzes found
Score Distribution
Percent of People with Each Score
Percentile by Number Answered
Your Score History
You have not taken this quiz